000 00541nam a22001697a 4500
008 130821s1913 xxu gr eng
040 _aCo-BoUCM
_bspa
041 0 0 _aeng
100 _aLowndes, Marie Belloc
_9150766
245 0 4 _aThe lodger
_cMarie Belloc Lowndes
260 _aNueva York (Estados Unidos)
_bPocket Book Inc.
_c1913
300 _a306 páginas
650 0 4 _aNovela inglesa
_920530
650 0 4 _aNovela inglesa
_ySiglo XX
_990535
942 _cLIBRO
_a18
_e1
_mL69
_n0
_2DEWEY
_h820.91
999 _c87871
_d87871